=LDR 00000nam 2200000 4500 =001 INLIS000000000032790 =005 20130612134801 =008 ***********************************ind** =035 ##$$a0010-061300000032790 =041 ##$$a ind =082 ##$$a F Rom K =090 ##$$a F Rom K, Faj k =100 ##$$a Fajri, Rizky Nur =245 ##$$a Kecil-Kecil Punya karya Zula's Story Rizky 12 thn, Rizky Nur Fajri =260 ##$$a 2009 $b Bandung =300 ##$$a 132 hlm., Ilus., 21 cm =650 ##$$a Fisi Kanak-kanak =850 ##$$a NBPNMAT =990 ##$$a 21195205/BPAP-NTB/2014